[Event "5th HD Bank Cup 2015"]
[Site "Ho Chi Minh City VIE"]
[Date "2015.03.21"]
[Round "8.14"]
[White "Bitoon, Richard"]
[Black "Duong, The Anh"]
[Result "1-0"]
[WhiteTitle "GM"]
[BlackTitle "IM"]
[WhiteElo "2422"]
[BlackElo "2340"]
[WhiteFideId "5201110"]
[BlackFideId "12401277"]
[EventDate "2015.03.17"]

1. e4 e6 2. d4 d5 3. Bd3 dxe4 4. Bxe4 Nf6 5. Bf3 c5 6. Ne2 Nc6 7. Be3 Nd5 8.
Bxd5 Qxd5 9. Nbc3 Qc4 10. dxc5 b6 11. cxb6 axb6 12. O-O Ba6 13. Re1 Rd8 14. Qc1
b5 15. a4 b4 16. b3 Qg4 17. Nb5 Rd7 18. h3 Qh4 19. Ng3 Be7 20. Rd1 Rxd1+ 21.
Qxd1 O-O 22. Rc1 Rd8 23. Qf3 Ne5 24. Qe4 Qxe4 25. Nxe4 Rc8 26. f4 Ng6 27. Kf2 h6
28. Ned6 Rd8 29. Nc4 Nh4 30. Ne5 Bb7 31. Nf3 Nxf3 32. gxf3 Rc8 33. c4 bxc3 34.
Rxc3 Rb8 35. Ba7 Rd8 36. Ke3 Bb4 37. Rc7 Bd2+ 38. Ke2 Ba8 39. Be3 Bb4 40. Rc4
Be7 41. Nc7 Bd5 42. Nxd5 exd5 43. Rc7 Bd6 44. Rb7 d4 45. Bxd4 Bxf4 46. Rb4 Bd6
47. Rb5 Bf4 48. Kd3 f6 49. Ke4 Bd2 50. a5 Ra8 51. Bb6 Kf7 52. Kd5 g5 53. Kc6 Bf4
54. Rd5 Rc8+ 55. Kb7 Rb8+ 56. Ka7 Ke6 57. Rd4 Be5 58. Rc4 h5 59. b4 Rg8 60. b5
Rg7+ 61. Ka8 f5 62. Bg1 Rg8+ 63. Ka7 Rg7+ 64. Kb6 g4 65. fxg4 hxg4 66. hxg4 fxg4
67. a6 Bb8 68. Ka5 g3 69. b6 Kd5 70. Rc8 1-0

[Event "5th HD Bank Cup 2015"]
[Site "Ho Chi Minh City VIE"]
[Date "2015.03.21"]
[Round "8.15"]
[White "Le, Kieu Thien Kim"]
[Black "Tu, Hoang Thong"]
[Result "1-0"]
[WhiteTitle "WIM"]
[BlackTitle "GM"]
[WhiteElo "2138"]
[BlackElo "2414"]
[WhiteFideId "12400572"]
[BlackFideId "12400076"]
[EventDate "2015.03.17"]

1. d4 Nf6 2. Bf4 b6 3. e3 Bb7 4. c4 g6 5. Nc3 Bg7 6. Nf3 O-O 7. Be2 d6 8. h3
Nbd7 9. O-O a6 10. Rc1 e6 11. Qc2 Qe7 12. Rfd1 Nh5 13. Bh2 f5 14. b4 f4 15. e4
e5 16. dxe5 dxe5 17. Nd5 Bxd5 18. cxd5 Ra7 19. a3 h6 20. Qb3 Kh7 21. Rc6 Rf6 22.
Rdc1 Nb8 23. R6c4 Rd6 24. Qc2 Rd7 25. g3 g5 26. Nxe5 Bxe5 27. Bxh5 Qd6 28. gxf4
gxf4 29. Bxf4 Kg8 30. Bxe5 Qxe5 31. Bg4 Rg7 32. Kh1 Nd7 33. Qc3 Qf4 34. Bxd7
Rxd7 35. Qg3+ Qxg3 36. fxg3 Kg7 37. Kg2 Kf6 38. Kf3 Ke5 39. Ke3 h5 40. Rc6 Rd6
41. Rxc7 Rxc7 42. Rxc7 Rg6 43. Re7+ Kd6 44. Re6+ 1-0

[Event "5th HD Bank Cup 2015"]
[Site "Ho Chi Minh City VIE"]
[Date "2015.03.21"]
[Round "8.16"]
[White "Karavade, Eesha"]
[Black "Vo, Thanh Ninh"]
[Result "1/2-1/2"]
[WhiteTitle "IM"]
[WhiteElo "2405"]
[BlackElo "2311"]
[WhiteFideId "5012600"]
[BlackFideId "12402141"]
[EventDate "2015.03.17"]

1. Nf3 Nf6 2. c4 e6 3. g3 d5 4. Bg2 d4 5. O-O c5 6. d3 Nc6 7. e3 Bd6 8. exd4
cxd4 9. a3 a5 10. Bg5 h6 11. Bxf6 Qxf6 12. Nbd2 Qd8 13. Re1 O-O 14. Qc2 a4 15.
c5 Be7 16. b4 axb3 17. Nxb3 Bf6 18. Nfd2 Ra6 19. Nc4 e5 20. Reb1 Qc7 21. Nb6 Be6
22. Nd2 Be7 23. Nd5 Bxd5 24. Bxd5 Rfa8 25. Qb3 Nd8 26. Bxb7 Nxb7 27. Qxb7 Qxb7
28. Rxb7 Bxc5 29. Rb5 Rxa3 30. Rxa3 Bxa3 31. Rxe5 Bb4 32. Nb3 Ra3 33. Nxd4 Rxd3 1/2-1/2

[Event "5th HD Bank Cup 2015"]
[Site "Ho Chi Minh City VIE"]
[Date "2015.03.21"]
[Round "8.17"]
[White "Nolte, Rolando"]
[Black "Nay Oo Kyaw Tun"]
[Result "1/2-1/2"]
[WhiteTitle "IM"]
[BlackTitle "IM"]
[WhiteElo "2394"]
[BlackElo "2292"]
[WhiteFideId "5200636"]
[BlackFideId "13000110"]
[EventDate "2015.03.17"]

1. e4 e6 2. Nc3 d5 3. d4 Bb4 4. e5 c5 5. a3 Bxc3+ 6. bxc3 Qa5 7. Bd2 Qa4 8. Qg4
Kf8 9. Qd1 b6 10. Nf3 Ne7 11. h4 Ba6 12. h5 h6 13. Rh4 Bxf1 14. Kxf1 cxd4 15.
Kg1 Nbc6 16. cxd4 Rc8 17. Rf4 Ke8 18. Bb4 Rf8 19. Ne1 Nxb4 20. axb4 Qxb4 21.
Rxa7 Nc6 22. Ra1 Qc3 23. Rb1 Rb8 24. Rb3 Qa5 25. Rg3 Rg8 26. Nf3 Ra8 27. Qd3
Qa1+ 28. Kh2 Qc1 29. Qb5 Rc8 30. Rfg4 Qxc2 31. Rxg7 Rxg7 32. Rxg7 Kf8 33. Rg3
Ne7 34. Qxb6 Qxf2 35. Qb1 Qc2 36. Qb4 Qc3 37. Qd6 1/2-1/2

[Event "5th HD Bank Cup 2015"]
[Site "Ho Chi Minh City VIE"]
[Date "2015.03.21"]
[Round "8.18"]
[White "Turqueza, Mari Joseph"]
[Black "Diu, Viacheslav"]
[Result "1/2-1/2"]
[WhiteTitle "FM"]
[BlackTitle "IM"]
[WhiteElo "2243"]
[BlackElo "2457"]
[WhiteFideId "5204674"]
[BlackFideId "4167465"]
[EventDate "2015.03.17"]

1. d4 d5 2. c4 c6 3. Nf3 Nf6 4. Nc3 dxc4 5. a4 Bf5 6. Ne5 e6 7. f3 Bb4 8. e4
Bxe4 9. fxe4 Nxe4 10. Bd2 Qxd4 11. Nxe4 Qxe4+ 12. Qe2 Bxd2+ 13. Kxd2 Qd5+ 14.
Kc2 Na6 15. Nxc4 O-O 16. Qe5 Rfd8 17. Be2 Nc5 18. Qxd5 cxd5 19. Ne5 Rac8 20. Kb1
f6 21. Nd3 e5 22. Ra3 e4 23. Nxc5 Rxc5 24. Rc1 Rxc1+ 25. Kxc1 d4 26. Kd2 g6 27.
Rb3 b6 28. Rb5 Kf7 29. g4 Ke7 30. Bd1 Rc8 31. Bb3 Rd8 32. Bc2 d3 33. Bb3 Rf8 34.
a5 bxa5 35. Ke3 f5 36. gxf5 gxf5 37. Kf4 Kd6 38. Rd5+ Kc6 39. Bc4 Rb8 40. b3 a4
41. Rxf5 axb3 42. Kxe4 d2 43. Rf1 b2 44. Ba2 Re8+ 45. Kd3 Re1 46. Rf6+ Kc5 47.
Kxd2 Ra1 48. Kc2 Rxa2 49. Rh6 1/2-1/2

[Event "5th HD Bank Cup 2015"]
[Site "Ho Chi Minh City VIE"]
[Date "2015.03.21"]
[Round "8.20"]
[White "Liu, Xiangyi"]
[Black "Nguyen, Anh Khoi"]
[Result "1/2-1/2"]
[WhiteTitle "FM"]
[BlackTitle "FM"]
[WhiteElo "2380"]
[BlackElo "2239"]
[WhiteFideId "8605718"]
[BlackFideId "12404675"]
[EventDate "2015.03.17"]

1. e4 c5 2. Nf3 d6 3. d4 cxd4 4. Qxd4 a6 5. Bc4 Nc6 6. Qd3 Nf6 7. Nc3 g6 8. Be3
Bg7 9. e5 dxe5 10. Qxd8+ Nxd8 11. Nxe5 Be6 12. O-O-O O-O 13. Bb6 Bxc4 14. Nxc4
Nc6 15. Rhe1 Rac8 16. f3 Nb4 17. Ne5 e6 18. Ba5 Nc6 19. Nxc6 Rxc6 20. Bd8 b5 21.
Bxf6 Bxf6 22. Ne4 Bg7 23. Rd7 Rfc8 24. Re2 R6c7 25. Rd6 Rc6 26. Rd7 R6c7 27. Rd6
Ra7 28. g3 Kf8 29. Red2 Bh6 30. f4 e5 31. Ng5 exf4 32. gxf4 Rc4 33. R2d4 Rac7
34. c3 b4 35. Rxc4 Rxc4 36. Rd4 Rxd4 37. cxd4 f6 38. Nh3 Ke7 39. Kd2 Ke6 40. Ke3
Kf5 41. Kf3 g5 42. Nf2 gxf4 43. Nd3 a5 44. b3 Bf8 45. Nb2 Bd6 46. Nc4 Ke6 47.
Nxa5 Kd5 48. Nc4 Bb8 49. a3 bxa3 50. Nxa3 Kxd4 51. Nc2+ Kc3 52. Ne1 Kxb3 53. Ng2
Kc4 54. Nxf4 Kd4 55. Nh5 f5 56. Ng7 Ke5 57. Nxf5 1/2-1/2

[Event "5th HD Bank Cup 2015"]
[Site "Ho Chi Minh City VIE"]
[Date "2015.03.21"]
[Round "8.21"]
[White "Pham, Le Thao Nguyen"]
[Black "Li, Xueyi"]
[Result "0-1"]
[WhiteTitle "IM"]
[WhiteElo "2338"]
[BlackElo "2190"]
[WhiteFideId "12401226"]
[BlackFideId "8605912"]
[EventDate "2015.03.17"]

1. d4 d5 2. Nf3 Nf6 3. c4 e6 4. Nc3 c6 5. cxd5 exd5 6. Bg5 Be7 7. Qc2 g6 8. e3
Bf5 9. Bd3 Bxd3 10. Qxd3 Nbd7 11. O-O O-O 12. Rab1 Re8 13. b4 a6 14. Rfc1 Ne4
15. Bxe7 Qxe7 16. Ne2 Nb6 17. Nf4 Nc4 18. Qe2 a5 19. b5 g5 20. Nh5 Na3 21. Rb2
Nxb5 22. Ne5 Kh8 23. Qf3 Rf8 24. g4 a4 25. Kg2 f6 26. Nd3 a3 27. Rbc2 Rae8 28.
Nc5 f5 29. gxf5 Nbd6 30. Ng3 Nxg3 31. hxg3 Rxf5 32. Qg4 Ref8 33. Nd3 Nc4 34. Re2
Qf6 35. Rf1 Qg6 36. Rh1 b5 37. Qh5 Qg8 38. Kg1 R5f6 39. Rh2 Qg7 40. Rh1 h6 41.
Qg4 Qh7 42. e4 dxe4 43. Rxe4 Nb2 44. Ne5 Rxf2 45. Re1 R2f5 46. Rh2 Nc4 47. Nxc4
bxc4 48. Qe2 c3 49. Qe3 Rf3 50. Qe5+ Kg8 51. Qe6+ Qf7 52. Rxh6 Qxe6 53. Rhxe6
Rxg3+ 54. Kh2 Rd3 55. Rxc6 Rf2+ 56. Kg1 Rf7 57. Rc1 Rg3+ 58. Kh2 Rff3 59. Rc7 g4
60. d5 Rh3+ 61. Kg2 Rhg3+ 62. Kh2 Rh3+ 63. Kg2 Rfg3+ 64. Kf2 Rd3 65. d6 Rxd6 66.
R7xc3 Rd2+ 67. Kg1 Rxc3 68. Rxc3 Rxa2 69. Rg3 Kf7 70. Rxg4 Rb2 0-1

[Event "5th HD Bank Cup 2015"]
[Site "Ho Chi Minh City VIE"]
[Date "2015.03.21"]
[Round "8.22"]
[White "To, Nhat Minh"]
[Black "Nguyen, Dang Hong Phuc"]
[Result "1-0"]
[WhiteTitle "IM"]
[WhiteElo "2323"]
[BlackElo "2047"]
[WhiteFideId "729019"]
[BlackFideId "12402761"]
[EventDate "2015.03.17"]

1. d4 Nf6 2. Nf3 c5 3. c3 cxd4 4. cxd4 d6 5. Nc3 g6 6. e4 Bg7 7. h3 O-O 8. Be2
Nc6 9. d5 Nb8 10. O-O Nbd7 11. Be3 Ne8 12. Nd4 Nc7 13. Rc1 a6 14. Qd2 Nf6 15.
Rfd1 Bd7 16. f4 Nfe8 17. b4 e5 18. dxe6 fxe6 19. Nf3 Qe7 20. e5 Qd8 21. exd6
Bxc3 22. Qxc3 Nd5 23. Qb3 Nxd6 24. Bc5 Bc6 25. g3 Re8 26. Ne5 Nf7 27. Nxc6 bxc6
28. Bf2 Qd6 29. Bf3 Reb8 30. Qc2 Nd8 31. a3 a5 32. Bc5 Qc7 33. Qe2 axb4 34. axb4
Qd7 35. h4 Rb5 36. h5 Ra3 37. Rd3 Rxd3 38. Qxd3 Nb7 39. hxg6 Nxc5 40. bxc5 h6
41. Ra1 Qb7 42. Qe4 Nc7 43. Rd1 Qa8 44. Qe5 Ne8 45. Qxe6+ Kh8 46. Bxc6 Ng7 47.
Qf6 Qg8 48. Bxb5 1-0

[Event "5th HD Bank Cup 2015"]
[Site "Ho Chi Minh City VIE"]
[Date "2015.03.21"]
[Round "8.23"]
[White "Tran, Ngoc Lan"]
[Black "Hoang, Thi Bao Tram"]
[Result "1/2-1/2"]
[BlackTitle "WGM"]
[WhiteElo "2219"]
[BlackElo "2303"]
[WhiteFideId "12401811"]
[BlackFideId "12401102"]
[EventDate "2015.03.17"]

1. e4 c6 2. d4 d5 3. Nd2 g6 4. c3 Bg7 5. e5 f6 6. f4 Nh6 7. Ngf3 O-O 8. Bd3 fxe5
9. fxe5 c5 10. Nf1 cxd4 11. cxd4 Nc6 12. Ne3 Nf5 13. Nxf5 Bxf5 14. Bxf5 Rxf5 15.
Be3 Qb6 16. Qd2 Qb5 17. Qe2 Qb4+ 18. Qd2 Qc4 19. b3 Qa6 20. Qe2 Qa5+ 21. Qd2 Qb6
22. O-O Raf8 23. Rf2 Nd8 24. Raf1 Ne6 25. g4 R5f7 26. Ng5 Nxg5 27. Bxg5 Rxf2 28.
Rxf2 Rxf2 29. Qxf2 Bf8 30. Kg2 1/2-1/2

[Event "5th HD Bank Cup 2015"]
[Site "Ho Chi Minh City VIE"]
[Date "2015.03.21"]
[Round "8.24"]
[White "Myo Naing"]
[Black "Nguyen, Phuoc Tam"]
[Result "1-0"]
[WhiteTitle "IM"]
[WhiteElo "2299"]
[BlackElo "2059"]
[WhiteFideId "13000071"]
[BlackFideId "12402109"]
[EventDate "2015.03.17"]

1. e4 c5 2. Nf3 d6 3. d4 cxd4 4. Nxd4 Nf6 5. Nc3 g6 6. f4 Nc6 7. Nf3 Bg7 8. Bd3
O-O 9. O-O a6 10. Kh1 b5 11. Qe1 Bb7 12. Qh4 Qc7 13. f5 Ne5 14. Bh6 b4 15. Ne2
Bxh6 16. Qxh6 Bxe4 17. Ng5 Bxd3 18. cxd3 Neg4 19. Qh4 h6 20. Nf3 Kg7 21. fxg6
fxg6 22. Nfd4 Qd7 23. Nf4 Kh7 24. Nde6 Rfc8 25. h3 Qb5 26. Nxg6 Kxg6 27. hxg4
Kf7 28. Rae1 Rg8 29. Rf5 Qc6 30. Qh5+ Rg6 31. Nf4 Rg8 32. Nxg6 Rxg6 33. Rxe7+
Kxe7 34. Qxg6 Qc1+ 35. Kh2 Qxb2 36. Qg7+ Ke6 37. Qxh6 Qd4 38. Rf4 Qe5 39. d4 1-0

[Event "5th HD Bank Cup 2015"]
[Site "Ho Chi Minh City VIE"]
[Date "2015.03.21"]
[Round "8.25"]
[White "Tu, Hoang Thai"]
[Black "Tran, Manh Tien"]
[Result "0-1"]
[WhiteTitle "IM"]
[WhiteElo "2249"]
[BlackElo "2266"]
[WhiteFideId "12400351"]
[BlackFideId "12401897"]
[EventDate "2015.03.17"]

1. e4 c5 2. b3 Nc6 3. Bb2 d6 4. f4 a6 5. Nf3 Nf6 6. Nc3 g6 7. d4 Bg7 8. e5 Ng4
9. d5 Nd4 10. Nxd4 cxd4 11. Qxd4 dxe5 12. fxe5 Bxe5 13. Qd2 Qc7 14. g3 Bf5 15.
d6 Qxd6 16. O-O-O Rc8 17. Bh3 Qxd2+ 18. Kxd2 O-O 19. Bxg4 Bxg4 0-1

[Event "5th HD Bank Cup 2015"]
[Site "Ho Chi Minh City VIE"]
[Date "2015.03.21"]
[Round "8.26"]
[White "Tran, Quoc Dung"]
[Black "Dang, Hoang Son"]
[Result "1/2-1/2"]
[BlackTitle "FM"]
[WhiteElo "2288"]
[BlackElo "2237"]
[WhiteFideId "12400645"]
[BlackFideId "12402435"]
[EventDate "2015.03.17"]

1. d4 d5 2. c4 c6 3. cxd5 cxd5 4. Bf4 Nf6 5. Nc3 Nc6 6. e3 e6 7. Bd3 Bd6 8. Nge2
O-O 9. O-O a6 10. Rc1 Bxf4 11. Nxf4 Qd6 12. Na4 Nxd4 13. Nh5 Nc6 14. Nxf6+ gxf6 1/2-1/2

[Event "5th HD Bank Cup 2015"]
[Site "Ho Chi Minh City VIE"]
[Date "2015.03.21"]
[Round "8.27"]
[White "Nguyen, Minh Tuan"]
[Black "Htay Min Lwin"]
[Result "1-0"]
[WhiteElo "2142"]
[BlackElo "2286"]
[WhiteFideId "12403512"]
[BlackFideId "13001795"]
[EventDate "2015.03.17"]

1. Nf3 Nf6 2. g3 d5 3. Bg2 c5 4. d3 Nc6 5. O-O e5 6. Nbd2 Be7 7. e4 dxe4 8. dxe4
O-O 9. c3 h6 10. Qe2 Qc7 11. Nc4 Be6 12. Nh4 b5 13. Ne3 Rab8 14. Nd5 Qc8 15. Be3
Ng4 16. Nf5 Bxf5 17. exf5 Nxe3 18. Nxe3 f6 19. Qh5 Bd8 20. Bd5+ Kh7 21. Be6 Qa6
22. Rad1 Ne7 23. Rd7 Rb7 24. Rfd1 Rxd7 25. Rxd7 c4 26. Nd5 1-0

[Event "5th HD Bank Cup 2015"]
[Site "Ho Chi Minh City VIE"]
[Date "2015.03.21"]
[Round "8.28"]
[White "Pham, Xuan Dat"]
[Black "Nguyen, Thi Mai Hung"]
[Result "0-1"]
[BlackTitle "WGM"]
[WhiteElo "2189"]
[BlackElo "2248"]
[WhiteFideId "12401307"]
[BlackFideId "12401676"]
[EventDate "2015.03.17"]

1. d4 d5 2. c4 c6 3. Nf3 Nf6 4. e3 Bf5 5. Nc3 e6 6. Nh4 Be4 7. Nf3 Nbd7 8. Nxe4
Nxe4 9. a3 Bd6 10. Bd3 O-O 11. O-O f5 12. g3 g5 13. cxd5 cxd5 14. Nd2 Ndf6 15.
f3 Nxd2 16. Bxd2 Qe7 17. Qb3 g4 18. f4 Ne4 19. Bxe4 dxe4 20. Rac1 Kf7 21. Rc4
Rac8 22. Rfc1 Qd7 23. d5 Rxc4 24. Rxc4 b6 25. Rc6 Rd8 26. Bb4 Qe7 27. Bc3 Rd7
28. Qc4 exd5 29. Qxd5+ Qe6 30. Qd4 Be5 31. Qa4 Bd6 32. Kf2 Qd5 33. Rxb6 Bc5 34.
Rf6+ Ke7 35. Qa6 Bb6 36. Rh6 Kd8 37. Rf6 Qc5 38. Rf8+ Qxf8 0-1

[Event "5th HD Bank Cup 2015"]
[Site "Ho Chi Minh City VIE"]
[Date "2015.03.21"]
[Round "8.29"]
[White "Bao, Khoa"]
[Black "Nguyen, Tan Thinh"]
[Result "1-0"]
[WhiteTitle "IM"]
[WhiteElo "2237"]
[BlackElo "1990"]
[WhiteFideId "12401501"]
[BlackFideId "12403458"]
[EventDate "2015.03.17"]

1. d4 Nf6 2. c4 g6 3. Nc3 Bg7 4. e4 d6 5. Bg5 O-O 6. Qd2 c5 7. d5 Re8 8. Nf3 Qb6
9. Be2 e6 10. O-O exd5 11. exd5 Bg4 12. Rae1 Nbd7 13. h3 Bxf3 14. Bxf3 Qb4 15.
Nb5 Qxd2 16. Bxd2 Rxe1 17. Rxe1 Bf8 18. Bf4 Re8 19. Kf1 Ne5 20. Nxa7 Nxc4 21.
Rxe8 Nxe8 22. b3 Ne5 23. Ke2 Nxf3 24. Kxf3 Nc7 25. Nc8 Nxd5 26. Bxd6 Nb4 27.
Bxf8 Kxf8 28. Nd6 b6 29. a4 f5 30. g4 fxg4+ 31. hxg4 Nd5 32. Ke4 Nf6+ 33. Kf4
Nd7 34. g5 Ke7 35. Nc4 Kd8 36. Ke4 Kc7 37. Kd5 Nb8 38. Ke6 Nc6 39. Kf6 Nd4 40.
Kg7 Nf3 41. Kxh7 Nxg5+ 42. Kxg6 Nf3 43. Kf6 Nd4 44. Nd2 Kc6 45. Ke5 b5 46. a5 b4
47. f4 Kb5 48. f5 Nxb3 49. Nxb3 c4 50. Kd4 cxb3 51. Kd3 1-0

[Event "5th HD Bank Cup 2015"]
[Site "Ho Chi Minh City VIE"]
[Date "2015.03.21"]
[Round "8.30"]
[White "Tran, Minh Thang"]
[Black "Grafil, Franz Robert"]
[Result "0-1"]
[WhiteTitle "CM"]
[WhiteElo "2196"]
[BlackElo "2123"]
[WhiteFideId "12401080"]
[BlackFideId "5205298"]
[EventDate "2015.03.17"]

1. d4 c5 2. d5 Nf6 3. Nc3 e6 4. dxe6 fxe6 5. e4 Nc6 6. Bg5 Be7 7. f4 d5 8. e5
Nd7 9. h4 O-O 10. Qg4 Nd4 11. O-O-O Rf7 12. Bd3 Nf8 13. Nf3 Qa5 14. Nxd4 cxd4
15. Nb1 Qxa2 16. Rh3 Qa5 17. Nd2 Qa1+ 18. Nb1 Qa5 19. Nd2 Qa1+ 20. Nb1 Bb4 21.
h5 a5 22. Rg3 b6 23. Bb5 a4 24. Bf6 Raa7 25. Ra3 Bxa3 26. bxa3 Ba6 27. Bd3 Bc4
28. Kd2 Qa2 29. h6 g6 30. Bg7 Rxg7 31. hxg7 Rxg7 0-1

[Event "5th HD Bank Cup 2015"]
[Site "Ho Chi Minh City VIE"]
[Date "2015.03.21"]
[Round "8.31"]
[White "Tran, Le Dan Thuy"]
[Black "Vo, Thi Kim Phung"]
[Result "0-1"]
[WhiteTitle "WFM"]
[BlackTitle "WIM"]
[WhiteElo "2076"]
[BlackElo "2197"]
[WhiteFideId "12403407"]
[BlackFideId "12401838"]
[EventDate "2015.03.17"]

1. d4 Nf6 2. c4 e6 3. Nc3 Bb4 4. Qc2 c5 5. Nf3 Nc6 6. e3 cxd4 7. exd4 d5 8. a3
Bd6 9. Bg5 dxc4 10. Bxc4 h6 11. Bxf6 Qxf6 12. Ne4 Qe7 13. Nxd6+ Qxd6 14. Rd1 O-O
15. O-O Ne7 16. Qe4 Nd5 17. Qe5 Rd8 18. Qxd6 Rxd6 19. Bxd5 exd5 20. Rc1 Rb6 21.
b4 Be6 22. Rc5 a5 23. b5 a4 24. h3 Ra5 25. Rb1 Kf8 26. Ne5 Ke7 27. g4 Kd6 28. f4
f6 29. Nd3 Bd7 30. f5 Rbxb5 31. Rbxb5 Rxb5 32. Rxb5 Bxb5 33. Nc5 b6 34. Ne6 g6
35. Ng7 g5 36. Nh5 Be8 37. Ng3 b5 38. Ne2 b4 39. axb4 a3 40. Nc3 Ba4 41. Kf2 Kc6 0-1

[Event "5th HD Bank Cup 2015"]
[Site "Ho Chi Minh City VIE"]
[Date "2015.03.21"]
[Round "8.32"]
[White "Cho, Seongho"]
[Black "Zhou, Guijue"]
[Result "0-1"]
[BlackTitle "WIM"]
[WhiteElo "2036"]
[BlackElo "2175"]
[WhiteFideId "13200550"]
[BlackFideId "8602905"]
[EventDate "2015.03.17"]

1. d4 Nf6 2. c4 e6 3. Nc3 Bb4 4. e3 d5 5. a3 Bxc3+ 6. bxc3 c5 7. Bd3 Qc7 8. cxd5
exd5 9. Ne2 O-O 10. f3 Re8 11. O-O Nc6 12. Ng3 Be6 13. Kh1 Rad8 14. Ra2 Qc8 15.
Re2 a6 16. Qe1 Ne7 17. h3 cxd4 18. cxd4 Nf5 19. Bb2 Nxg3+ 20. Qxg3 Bf5 21. Rc1
Qe6 22. Bxf5 Qxf5 23. Qf2 Rc8 24. Ree1 h6 25. g4 Qd3 26. Rxc8 Rxc8 27. Re2 b5
28. Rd2 Qb3 29. Qe2 a5 30. Kg2 Nd7 31. Kf2 Nb6 32. e4 Nc4 33. Rc2 Rd8 34. e5 Rb8
35. h4 b4 36. axb4 axb4 37. g5 hxg5 38. hxg5 Rb6 39. Bc1 Qb1 40. Bf4 b3 41. Rc1
Qa2 0-1

[Event "5th HD Bank Cup 2015"]
[Site "Ho Chi Minh City VIE"]
[Date "2015.03.21"]
[Round "8.33"]
[White "Luong, Phuong Hanh"]
[Black "Vu, Quang Quyen"]
[Result "0-1"]
[BlackTitle "CM"]
[WhiteElo "2175"]
[BlackElo "1940"]
[WhiteFideId "12401013"]
[BlackFideId "12402168"]
[EventDate "2015.03.17"]

1. Nf3 f5 2. b3 d6 3. d4 g6 4. Bb2 Bg7 5. Nbd2 Nf6 6. e3 c6 7. Bd3 O-O 8. O-O
Qe8 9. c4 Na6 10. a3 Nc7 11. b4 Nd7 12. Qb3 Kh8 13. d5 cxd5 14. Bxg7+ Kxg7 15.
cxd5 Nf6 16. e4 fxe4 17. Bxe4 Bg4 18. Rac1 Rc8 19. Nd4 Qf7 20. Rce1 Rfe8 21. Bf3
Bxf3 22. Ne6+ Kg8 23. Nxf3 Nfxd5 24. Nfg5 Qf5 25. Nxc7 Rxc7 26. Ne6 Rcc8 27. Re2
Kh8 28. Nd4 Qf7 29. Rfe1 a6 30. g3 Rc3 31. Qa2 e5 32. Nc2 Rf8 33. Rd2 Nc7 34.
Qa1 Rf3 35. Rf1 Kg8 36. Ne3 Nb5 37. Ng4 Qe6 38. Ne3 Nd4 39. Nc2 Nxc2 40. Rxc2
Qb3 41. Qd1 Rd3 42. Qe2 Rd4 43. Rc7 b5 44. h4 Qf3 45. Qa2+ d5 46. Rfc1 e4 47.
R7c3 Rd1+ 48. Rxd1 Qxd1+ 49. Kg2 Qd4 50. Rc5 Rd8 51. Qe2 Qf6 52. Qe3 Qe5 53. Qb3
Kg7 54. Rc6 Rd7 55. Rxa6 d4 56. Re6 Qf5 57. Re8 Rf7 58. Qb2 Qd5 59. Kg1 Rc7 60.
Kh2 Rc3 61. Re7+ Kf8 62. Rxh7 Qc4 63. Rh8+ Kf7 64. Rh7+ Kg8 65. Rd7 e3 66. Qb1
Rc2 67. Rd6 Rxf2+ 68. Kh3 Qf1+ 69. Qxf1 Rxf1 0-1

[Event "5th HD Bank Cup 2015"]
[Site "Ho Chi Minh City VIE"]
[Date "2015.03.21"]
[Round "8.34"]
[White "Harini, S."]
[Black "Nguyen, Tran Ngoc Thuy"]
[Result "0-1"]
[BlackTitle "WFM"]
[WhiteElo "2125"]
[BlackElo "1887"]
[WhiteFideId "5024919"]
[BlackFideId "12400661"]
[EventDate "2015.03.17"]

1. e4 c6 2. d4 d5 3. exd5 cxd5 4. c4 Nf6 5. Nc3 e6 6. Nf3 Nc6 7. cxd5 Nxd5 8.
Bd3 Be7 9. O-O O-O 10. a3 b6 11. Qc2 f5 12. Nxd5 Qxd5 13. Be3 Bb7 14. Bc4 Qd6
15. b4 f4 16. Bd2 Kh8 17. Rfe1 Nxd4 18. Nxd4 Qxd4 19. Bc3 Qd7 20. Rxe6 Bf6 21.
Rd1 Qc7 22. Bxf6 Rxf6 23. Rxf6 gxf6 24. Qd3 Re8 25. f3 Bc8 26. Qd4 Kg7 27. Bd3
Re7 28. Qc4 Qxc4 29. Bxc4 Rd7 30. Rc1 Rc7 31. Rc2 Bf5 0-1

[Event "5th HD Bank Cup 2015"]
[Site "Ho Chi Minh City VIE"]
[Date "2015.03.21"]
[Round "8.35"]
[White "Le, Minh Hoang"]
[Black "Nguyen, Huynh Tuan Hai"]
[Result "0-1"]
[WhiteTitle "CM"]
[WhiteElo "2025"]
[BlackElo "1881"]
[WhiteFideId "12404683"]
[BlackFideId "12402923"]
[EventDate "2015.03.17"]

1. d4 Nf6 2. Nf3 e6 3. c4 b6 4. g3 Ba6 5. Qa4 c6 6. Nc3 d5 7. cxd5 Nxd5 8. Bg2
b5 9. Qb3 Nd7 10. Nxd5 cxd5 11. Bg5 Qa5+ 12. Bd2 b4 13. Qe3 Qb5 14. O-O Qxe2 15.
Qf4 Qb5 16. Rfe1 Be7 17. Rac1 Qb6 18. Ne5 Nxe5 19. Qxe5 O-O 20. Qc7 Qxd4 21. Be3
Qf6 22. Rc6 Bd8 23. Qd6 Be7 24. Qf4 Bb5 25. Rc7 Qxf4 26. Bxf4 Bf6 27. Rb7 a6 28.
Bd6 Rfe8 29. Bxb4 Bxb2 30. h4 Bc6 0-1

[Event "5th HD Bank Cup 2015"]
[Site "Ho Chi Minh City VIE"]
[Date "2015.03.21"]
[Round "8.36"]
[White "Kebbedies, Frank"]
[Black "Manaog, Stewart"]
[Result "0-1"]
[WhiteElo "1842"]
[BlackElo "2104"]
[WhiteFideId "24606944"]
[BlackFideId "5207410"]
[EventDate "2015.03.17"]

1. d4 d5 2. c4 e6 3. Nc3 c6 4. Nf3 f5 5. e3 Nf6 6. Be2 Bd6 7. O-O Nbd7 8. b3 O-O
9. Qc2 Ne4 10. Bb2 Qf6 11. Ne1 g5 12. f4 gxf4 13. Nxe4 fxe4 14. exf4 Bxf4 15.
Qc3 Qh6 16. g3 Be3+ 17. Kh1 Rxf1+ 18. Bxf1 Nf6 19. Ng2 Ng4 20. h4 Bd2 21. Qc2
Bd7 22. Be2 Nf2+ 23. Kh2 Rf8 24. Ba3 Rf5 25. Bd6 Be8 26. Rg1 Bg6 27. cxd5 exd5
28. Qc5 Be8 29. Be5 Qe6 30. Nf4 Qd7 31. Rg2 b6 32. Qc2 e3 33. Bd3 Ng4+ 34. Kh1
Rxe5 35. dxe5 Nxe5 36. Bf5 Qg7 37. Ne6 Qe7 38. Ng5 h6 39. Ne6 Bf7 40. Nf4 Qf6
41. Bh3 c5 42. Rxd2 exd2 43. Qxd2 d4 44. Bf1 Qf5 45. Qe2 Ng6 46. Qg2 Nxf4 47.
gxf4+ Kh7 48. Qf2 Bd5+ 49. Kh2 Kg7 50. Bh3 Qe4 51. Kg3 Kf6 52. Bf1 Qg6+ 53. Kh2
Qg4 54. Be2 Qe6 55. Kg3 Qe4 56. Bf1 Be6 57. Bg2 Qd3+ 58. Kh2 Qe3 59. Qxe3 dxe3
60. Kg3 c4 61. Bf1 c3 0-1